000 00785nam a2200241Ia 4500
003 OSt
005 20220923214621.0
006 a|||||r|||| 00| 0
007 ta
008 220922b |||||||| |||| 00| 0 hin d
024 _a171,290
037 _cTextual
040 _aARTS
_cARTS
_bhin
041 _2hin
_ahin
082 _aO152,3N175,TC, L3
100 _aमाचवे, प्रभाकर
_9156279
245 0 _aतीस चालीस पचास
246 _aTīs chālīs pachāsa
260 _aदिल्ली
_b राजपाल एण्ड सन्ज
_c1973
650 _aहिन्दी साहित्य
_9156264
942 _hO152,3N175,TC, L3
_cTEXL
_2CC
999 _c325515
_d325515